000 00725nam a2200265Ia 4500
003 OSt
005 20221007104207.0
006 a|||||r|||| 00| 0
007 ta
008 221006b |||||||| |||| 00| 0 eng d
020 _a1854319531
024 _a15,151
037 _cTextual
040 _aLCO
_cLCO
_beng
041 _2eng
_aeng
082 _aZ3,8,53, N9
100 _aInns of Court School of Law
_9688367
245 0 _aAdvocacy 1999 / 2000 Inns of Court School of Law
250 _a4th
260 _aLondon
_bBlackstone Press Limited U.K.
_c1999
300 _a420
650 _aADVOCACY
_9693287
942 _hZ3,8,53, N9
_cTEXL
999 _c1184714
_d1184714